000 00766naa a22002297u 4500
001 06749
003 HDC
007 cr bn ---aaaaa
008 210124t2003 ce 000 0 eng
040 _aHDC
245 0 _aBiological control of foliar diseases of tomato grown in soilless culture
260 _aChina :
_bFFTC Research Highlights,
_c2001
336 _atext
_2rdacontent
337 _acomputer
_2rdamedia
338 _aonline resource
_2rdacarrier
650 _aFood industry and trade
_9140
650 _aPlants
_97114
856 _zRequest full-text at [email protected]
942 _2lcc
942 _cEIS
942 _kEMAG 000355
999 _c4073
_d4073